000 00899nam a22002657a 4500
001 7304
003 FISKH
005 20250709090225.0
008 250709b cb ||||| |||| 00| 0 eng d
040 _aFISKH
_beng
_cFISKH
_dFISKH
050 _aBF723.S43
082 _a150
100 _aWilt, Joy
245 _aSurviving fights with your brothers and sisters :
_bA children's book about sibling rivalry /
_cJoy Wilt ; Illustrated by Ernie Hergenroeder
260 _aTexas :
_bWeekly Reader Books,
_c1978.
300 _a128 pages :
_bcolor illustrations ;
_c22 cm
505 _aP
520 _aDeals with friction that naturally exists between sisters and brothers.
521 8 _a600
_bLexile estimate
521 8 _aP
_bRaz-Plus
650 _aReady-Set-Grow Series
_vChildren
_xFamily life
700 _aHergenroeder, Ernie
_eillustrator
942 _2ddc
_cBK
_n0
999 _c7304
_d7304